Cómo se debe enseñar (Record no. 156592)
[ view plain ]
| 000 -LEADER | |
|---|---|
| campo de control de longitud fija | 01301nam a22002655i 4500 |
| 001 - NÚMERO DE CONTROL | |
| campo de control | 156592 |
| 003 - IDENTIFICADOR DE NÚMERO DE CONTROL | |
| campo de control | ES-MaACL |
| 005 - FECHA Y HORA DE LA ÚLTIMA TRANSACCIÓN | |
| campo de control | 20250829122929.0 |
| 008 - DATOS DE LONGITUD FIJA--INFORMACIÓN GENERAL | |
| campo de control de longitud fija | 040802s1882 uy |||| | spa d |
| 040 ## - FUENTE DE CATALOGACIÓN | |
| Centro catalogador/agencia de origen | CAM |
| Lengua de catalogación | spa |
| Centro/agencia transcriptor | CAM |
| 100 1# - ENTRADA PRINCIPAL--NOMBRE DE PERSONA | |
| Nombre de persona | Kiddle, Henry. |
| 9 (RLIN) | 128450 |
| 245 10 - MENCIÓN DEL TÍTULO | |
| Título | Cómo se debe enseñar |
| Resto del título | : curso graduado de instrucción y manual de métodos para uso de los maestros / |
| Mención de responsabilidad, etc. | por Enrique Kiddle, Tomás F. Harrison y N.A. Calkins ; traducido de la ed. de 1877 por Joaquina Acevedo, A. Vázquez Acevedo y Emilio Romero ; y arreglada para el uso de las esucelas de las repúblicas del Río de la Plata por F.A. Berra. |
| 250 ## - MENCION DE EDICION | |
| Mención de edición | 2ª ed. |
| 260 ## - PUBLICACIÓN, DISTRIBUCIÓN, ETC. | |
| Lugar de publicación, distribución, etc. | Montevideo : |
| Nombre del editor, distribuidor, etc. | Publicación de la Sociedad de Amigos de la Educación Popular de Montevideo, |
| Fecha de publicación, distribución, etc. | 1882 ( |
| Fabricante | Imprenta á vapor de El Ferro-carril) |
| 300 ## - DESCRIPCIÓN FÍSICA | |
| Extensión | 256 p. ; |
| Dimensiones | 23 cm. |
| 650 07 - PUNTO DE ACCESO ADICIONAL DE MATERIA--TÉRMINO DE MATERIA | |
| Término de materia o nombre geográfico como elemento de entrada | Didáctica |
| Fuente del encabezamiento o término | embne |
| 9 (RLIN) | 11880 |
| 700 11 - ENTRADA AGREGADA--NOMBRE PERSONAL | |
| Nombre de persona | Harrison, Thomas F. |
| 9 (RLIN) | 127797 |
| 700 11 - ENTRADA AGREGADA--NOMBRE PERSONAL | |
| Nombre de persona | Calkins, N.A. |
| 9 (RLIN) | 126291 |
| 700 1# - ENTRADA AGREGADA--NOMBRE PERSONAL | |
| Nombre de persona | Acevedo, Joaquina. |
| 9 (RLIN) | 125536 |
| 700 1# - ENTRADA AGREGADA--NOMBRE PERSONAL | |
| Nombre de persona | Vázquez Acevedo, A. |
| 9 (RLIN) | 133841 |
| 700 1# - ENTRADA AGREGADA--NOMBRE PERSONAL | |
| Nombre de persona | Berra, F. A. |
| 9 (RLIN) | 28368 |
| 710 2# - ENTRADA AGREGADA--NOMBRE DE ENTIDAD CORPORATIVA | |
| Nombre de entidad corporativa o nombre de jurisdicción como elemento de entrada | Sociedad de Amigos de la Educación Popular |
| 9 (RLIN) | 134906 |
| 852 ## - LOCALIZACIÓN | |
| Ubicación | ES-MaACL |
| Número de control de estantería | F-12531 |
| Nota libre | -- Enc. pasta española |
| -- | -- An. ms.: ded. de Gómez Ruano al Ateneo de Madrid |
| Estatus retirado | Estado de pérdida | Estado de daño | No para préstamo | Colección | Biblioteca de origen | Biblioteca actual | Ubicación en estantería | Fecha de adquisición | Fuente de adquisición | Total de préstamos | Signatura topográfica completa | Código de barras | Visto por última vez | Precio de reemplazo | Tipo de ítem Koha |
|---|---|---|---|---|---|---|---|---|---|---|---|---|---|---|---|
| Libros del s. XIX | Biblioteca del Ateneo de Madrid | Biblioteca del Ateneo de Madrid | Sala Pecera Planta 2 | 17/01/2008 | F-12531 | 1163834 | 23/02/2023 | 23/02/2023 | Libro impreso antiguo |
